Score 0/10 Timer 01:00
0 Plays Today
Scrambled Word Answer % Correct
IGHHHIGH
98.9%
AEDDDEAD
98.1%
IDLWWILD
97.9%
KRWOWORK
97.6%
CARERACE
90.6%
ATLBESSTABLE
60.9%
Common bond:HORSE
44.6%
AIERTLRTRAILER
28.5%
ATRNJOTROJAN
27.8%
ATSNECSTANCE
21.2%

You're not logged in!

Compare scores with friends on all Sporcle quizzes.
OR
Log In

Sporcle TV

Today on Sporcle TV


Watch our educational content, quiz creation guides, and fun videos on Sporcle TV.

Show Comments

Extras

Top Quizzes Today


Score Distribution

Your Account Isn't Verified!

In order to create a playlist on Sporcle, you need to verify the email address you used during registration. Go to your Sporcle Settings to finish the process.

Report this User

Report this user for behavior that violates our Community Guidelines.

Details: